Guess the country from just one image - Statistics

General Stats
  • This quiz has been taken 10 times
  • The average score is 6 of 16
Answer Stats
Picture Answer % Correct
Australia
89%
Canada
78%
Portugal
78%
USA
78%
Denmark
56%
Indonesia
44%
Qatar
44%
Switzerland
44%
India
33%
Chile
22%
New Zealand
22%
Azerbaijan
11%
North Korea
11%
Serbia
11%
Slovakia
11%
Tunisia
0%
No matching quizzes found
Score Distribution
Percent of People with Each Score
Percentile by Number Answered
Your Score History
You have not taken this quiz